• 首页
  • 本馆介绍
  • 公告通知
  • 最新文献
  • 馆藏检索
  • 电子资源
  • 读者导购
  • 参考咨询
  • 我的图书馆
  • 登录
  • 详细信息显示
  • 放入我的书架
  • 预约/预借图书
  • 作者相关作品
  • 分类相关作品
  • 丛书相关作品
  • 出版社相关作品

书目信息

  • 表格格式
  • 工作单格式
  • 卡片格式
题名:
补碘可以预防智力残疾
    
 
作者: 郑伯承 编著
分册:  
出版信息: 北京   华夏出版社  1996
页数: 26页
开本: 20cm
丛书名:
单 册:
中图分类: R591.1
科图分类:
主题词: 全身性疾病
电子资源:
ISBN: 7-5080-0966-5
000 00595nam0 2200205 450
001 0768677981
005 20070730144048.39
010    @a7-5080-0966-5@dCNY1.50
100    @a20070728d1996 km y0chiy0120 ea
101 0  @achi
102    @aCN@b110000
200 1  @a补碘可以预防智力残疾@Abu dian ke yi yu fang zhi li can ji@f郑伯承编著@Fzheng bo cheng bian zhu
210    @a北京@c华夏出版社@d1996
215    @a26页@d20cm
300    @a残疾预防科普读物
606 0  @a全身性疾病
690    @aR591.1@v3
701  0 @a郑伯承@Azheng bo cheng@4编著
801  0 @aCN@bPFT@c20070730
905    @a10447@dR591.1@e105
    
    补碘可以预防智力残疾/郑伯承编著.-北京:华夏出版社,1996
    26页;20cm
    残疾预防科普读物
    
    ISBN 7-5080-0966-5:CNY1.50
    
●
相关链接 在E读中查询图书 在五车中查询图书 在当当中查询图书 在豆瓣中查询图书


正题名:补碘可以预防智力残疾     索取号:R591.1/105         预约/预借

序号 登录号 条形码 馆藏地/架位号 状态 备注
1 0789600   207896008   第二样本阅览室/ [索取号:R591.1/105] 在馆    
2 0789601   207896017   第三借阅区/ [索取号:R591.1/105] 在馆    
3 0789602   207896026   第三借阅区/ [索取号:R591.1/105] 在馆    
4 0789603   207896035   第三借阅区/ [索取号:R591.1/105] 在馆    
5 0789604   207896044   第三借阅区/ [索取号:R591.1/105] 在馆    
唐山师范学院图书馆 欢迎您!
大连网信软件有限公司© 版权所有